Szegedi Hiradó. - 3.évf. (1861) 57.sz.
Elmentve itt :
| Dokumentumtípus: | Újság |
|---|---|
| Megjelent: |
1861
|
| Sorozat: | Szegedi Hiradó
3 No. 57 |
| Online Access: | http://misc.bibl.u-szeged.hu/71259 |
| LEADER | 00508nas a2200145 i 4500 | ||
|---|---|---|---|
| 001 | misc71259 | ||
| 005 | 20230330115110.0 | ||
| 008 | 230330s1861 hu n o 0|| zxx d | ||
| 040 | |a SZTE Miscellanea Repozitórium |b hun | ||
| 041 | |a zxx | ||
| 245 | 0 | 0 | |a Szegedi Hiradó. - 3.évf. (1861) 57.sz. |h [elektronikus dokumentum] |
| 260 | |c 1861 | ||
| 490 | 0 | |a Szegedi Hiradó |v 3 No. 57 | |
| 561 | |a Szegedi helytörténeti dokumentumok | ||
| 856 | 4 | 0 | |u http://misc.bibl.u-szeged.hu/71259/1/szegedi_hirado_1861_03_057.pdf |z Dokumentum-elérés |